Canadian Provinces and Territories by Land Area - Statistics

General Stats
  • This quiz has been taken 166 times
  • The average score is 9 of 13
Answer Stats
Area (x 1000 sq km) Province/Territory % Correct
1,936 Nunavut
92%
1,365 Quebec
91%
918 Ontario
81%
1,183 Northwest Territories
74%
642 Alberta
71%
925 British Columbia
68%
554 Manitoba
65%
592 Saskatchewan
65%
53 Nova Scotia
59%
6 Prince Edward Island
57%
374 Newfoundland and Labrador
55%
71 New Brunswick
53%
474 Yukon
53%
No matching quizzes found
Score Distribution
Percent of People with Each Score
Percentile by Number Answered
Your Score History
You have not taken this quiz